• 首页
  • 本馆介绍
  • 公告通知
  • 最新文献
  • 馆藏检索
  • 电子资源
  • 读者导购
  • 参考咨询
  • 我的图书馆
  • 登录
  • 详细信息显示
  • 放入我的书架
  • 预约/预借图书
  • 作者相关作品
  • 分类相关作品
  • 丛书相关作品
  • 出版社相关作品

书目信息

  • 表格格式
  • 工作单格式
  • 卡片格式
题名:
林徽因谈建筑
    
 
作者: 林徽因 著
分册:  
出版信息: 南京   译林出版社  2015
页数: 201页
开本: 22cm
丛书名:
单 册:
中图分类: TU , TU-0
科图分类:
主题词: 古建筑--研究--中国 , 建筑学--理论
电子资源:
ISBN: 978-7-5447-5282-4
000 00810nam0 2200253 450
001 012015000142
005 20151130144324.18
010    @a978-7-5447-5282-4@b精装@dCNY39.80
100    @a20150814d2015 em y0chiy50 ea
101 0  @achi
102    @aCN@b320000
105    @aa z 000yy
106    @ar
200 1  @a林徽因谈建筑@Alin hui yin tan jian zhu@f林徽因著
210    @a南京@c译林出版社@d2015
215    @a201页@c图@d22cm
330    @a本书为林徽因建筑学方面的论著和随笔,涉及中国建筑的特征,清式营造则例,宋、辽、金建筑史,北京的几个文物建筑,以及现代住宅设计的参考等。
606 0  @a古建筑@x研究@y中国
606 0  @a建筑学@x理论
690    @aTU@v5
690    @aTU-0@v4
701  0 @a林徽因@Alin hui yin@c(女,@f1904-1955)@4著
801  0 @aCN@b碧洲教育@c20151127
905    @a10447@f4@dTU-0@e119
    
    林徽因谈建筑/林徽因著.-南京:译林出版社,2015
    201页:图;22cm
    
    
    ISBN 978-7-5447-5282-4(精装):CNY39.80
    本书为林徽因建筑学方面的论著和随笔,涉及中国建筑的特征,清式营造则例,宋、辽、金建筑史,北京的几个文物建筑,以及现代住宅设计的参考等。
●
相关链接 在E读中查询图书 在五车中查询图书 在当当中查询图书 在豆瓣中查询图书


正题名:林徽因谈建筑     索取号:TU-0/119         预约/预借

序号 登录号 条形码 馆藏地/架位号 状态 备注
1 0871907   208719074   第二样本阅览室/ [索取号:TU-0/119] 在馆    
2 0871908   208719083   第三借阅区/ [索取号:TU-0/119] 在馆    
3 0871909   208719092   第三借阅区/ [索取号:TU-0/119] 在馆    
4 0871910   208719109   第三借阅区/ [索取号:TU-0/119] 在馆    
唐山师范学院图书馆 欢迎您!
大连网信软件有限公司© 版权所有